| 000 | 01702nam a2200301Ia 4500 | ||
|---|---|---|---|
| 999 |
_c49575 _d49575 |
||
| 001 | 16507 | ||
| 003 | GE_BSU | ||
| 005 | 20241227163306.0 | ||
| 008 | 181216s2013||||ge |||||||||||||| ||geo|| | ||
| 020 | _a9789941107290 | ||
| 040 | _cGE_BSU | ||
| 041 | _ageo | ||
| 080 | _a343.23 ტ-92 | ||
| 100 |
_aტურავა, მერაბ _99269 |
||
| 245 |
_aსისხლის სამართალი = Strafrecht : ზოგადი ნაწილის მიმოხილვა : _b თანდართული ტესტების ნიმუშებითა და კაზუსის ამოხსნის მეთოდის გამოყენებით / _cმერაბ ტურავა ; რედ. ლავრენტი მაღლაკელიძე. |
||
| 250 | _aმე-9 გამოცემა | ||
| 264 |
_aთბილისი : _bმერიდიანი, _c2013. |
||
| 300 |
_a546 გვ. ; _c24 სმ. |
||
| 500 | _aსაძიებლები : გვ. 526-545 | ||
| 520 | _aპარალელ. თავფურ. გერმანულ ენაზე | ||
| 541 | _h31ლ. | ||
| 653 | _aზოგადი ნაწილის მიმოხილვა | ||
| 653 | _aთანდართული ტესტების ნიმუშებითა და კასუსის ამოხსნის მეთოდის გამოყენებით | ||
| 653 | _aსამართალი | ||
| 653 | _aსისხლის სამართალი | ||
| 700 |
_aმაღლაკელიძე, ლავრენტი _eრედაქტორი _912277 |
||
| 942 |
_cBK _2udc |
||